000 01150nam a2200277 a 4500
001 000005228
003 OSt
005 20200929151620.0
008 090818s1984 sp ad 001 0 spa d
020 _a8400057945
040 _aDO-SdBNP
_bspa
_cBNPHU
082 _a526.6
_bL171g
100 1 _aLafuente, Antonio
_914915
245 1 3 _aLa geometrización de la tierra :
_bobservaciones y resultados de la expedición geodésica hispano-francesa al Virreinato del Perú (1735-1744) /
_cAntonio Lafuente, Antonio J. Delgado.
260 _aMadrid, :
_bConsejo Superior de Investigaciones Científicas,
_c1984.
300 _a275 p. :
_bil., gráfcs. ;
_c18 cm.
490 1 _aCuadernos Galileo de Historia de la Ciencia
_v3
505 0 _aIncluye bibliografía y notas al pie de páginas.
650 4 _aGeodesia
_914916
650 4 _aAstronomía geodésica
_914917
700 1 _aDelgado, Antonio J.
_914918
710 2 _aConsejo Superior de Investigaciones Científicas (España).
_bInstituto "Arnau de Vilanova"
_914919
830 0 _aCuadernos Galileo de Historia de la Ciencia
_n3
_914920
910 _aValidado. Control de calidad EMS
942 _2ddc
_cLF1
999 _c5029
_d5029